000 01087nam a2200289 i 4500
003 DO-SdBNP
005 20250728090559.0
007 ta
008 250728s2007 dr d 001 0 spa d
040 _aDO-SdBNP
_bspa
_cBNPHU
_erda
082 _axxx
_bO77m
_222
100 1 _aOrtiz, Marina
_eautora
_4aut.
_910383
245 1 0 _aMicroempresas y seguridad social :
_ben la República Dominicana 2005-2006 /
_cMarina Ortiz, Rita Mena ; presentación, Andrés Dauhajre
264 1 _aSanto Domingo :
_bFONDOMICRO,
_c2007.
300 _a141 páginas :
_bgráficas ;
_c27 cm.
336 _atexto
_btxt
_2rdacontent
337 _asin mediación
_bn
_2rdamedia
338 _avolumen
_bnc
_2rdacarrier
590 _aInventariado,2025/ YL
650 4 _aMicroempresas
_zRepública Dominicana
_9289
650 4 _aCrecimiento del empleo
_zRepública Dominicana
_920484
700 1 2 _aMena, Rita
_eautora
_4aut.
_920485
700 1 2 _aDauhajre, Andrés
_epresentador
_4pr.
_96000
710 2 _aFondo para el Financiamiento de la Microempresa, Inc. (FONDOMICRO)
_920486
910 _aYLockward
942 _2ddc
_cLBS1
999 _c59644
_d59644